Evaluación, diseño y mejora de la micro central hidroeléctrica del Refugio Nacional de Vida Silvestre Osa (Centro de Conservación Greg Gund)
সংরক্ষণ করুন:
| প্রধান লেখক: | |
|---|---|
| অন্যান্য লেখক: | , |
| বিন্যাস: | গ্রন্থ |
| ভাষা: | Spanish |
| প্রকাশিত: |
[San José], Costa Rica
2013
|
| বিষয়গুলি: | |
| ট্যাগগুলো: |
ট্যাগ যুক্ত করুন
কোনো ট্যাগ নেই, প্রথমজন হিসাবে ট্যাগ করুন!
|
MARC
| LEADER | 00000nam a22000007a 4500 | ||
|---|---|---|---|
| 003 | 011625 | ||
| 005 | 20221231143919.0 | ||
| 008 | 151014b2013 cr a|||| |||| 00| 0 spa d | ||
| 040 | |c cru CEDI | ||
| 090 | |a TFG 6796 | ||
| 100 | |9 1489 |a Lankester Campos, Charles William | ||
| 245 | |a Evaluación, diseño y mejora de la micro central hidroeléctrica del Refugio Nacional de Vida Silvestre Osa (Centro de Conservación Greg Gund) | ||
| 260 | |a [San José], Costa Rica |c 2013 | ||
| 500 | |a Proyecto de graduación (licenciatura en ingeniería mecánica)--Universidad de Costa Rica. Facultad de Ingeniería. Escuela de Ingeniería Mecánica | ||
| 650 | |x MINICENTRALES HIDROELECTRICAS - DISEÑO Y CONSTRUCCION - COSTA RICA |x MINICENTRALES HIDROELECTRICAS - MANTENIMIENTO Y REPARACION - COSTA RICA |x REFUGIO NACIONAL DE VIDA SILVESTRE OSA (COSTA RICA) |x ENERGIA HIDRAULICA |x CONSERVACION DE LOS RECURSOS NATURALES - COSTA RICA |9 1492 | ||
| 700 | |9 1490 |a Sáenz Villalobos, Gonzalo José | ||
| 700 | |9 1491 |a Sánchez Ortega, Carlos Manuel | ||
| 942 | |c TFG | ||
| 999 | |c 14148 |d 14148 | ||
